[Event "Tres Cantos op 10th"]
[Site "Tres Cantos"]
[Date "2018.06.24"]
[Round "4.19"]
[White "Morona Minguez, Miguel"]
[Black "Iriarte Diez, Enrique"]
[Result "1-0"]
[WhiteElo "2013"]
[BlackElo "1833"]
[PlyCount "64"]
[EventDate "2018.06.21"]
[EventType "swiss"]
[EventRounds "9"]
[EventCountry "ESP"]
[SourceTitle "EXT 2024"]
[Source "ChessBase"]
[SourceDate "2023.10.10"]
[SourceVersion "1"]
[SourceVersionDate "2023.10.10"]
[SourceQuality "1"]

1. e4 c6 2. d4 d5 3. e5 Bf5 4. Be3 e6 5. Nd2 Bg6 6. f4 Nh6 7. Ngf3 Nd7 8. c3 a6 9. Be2 Ng4 10. Bg1 Nh6 11. Bf2 c5 12. h4 Bh5 13. 0-0 Be7 14. Ng5 Bxe2 15. Qxe2 Nf5 16. g4 h6 17. Nxe6 Qb6 18. gxf5 fxe6 19. Qh5+ Kd8 20. fxe6 Nf8 21. Qf3 Qxe6 22. f5 Qd7 23. dxc5 Nh7 24. c4 g5 25. f6 Kc7 26. fxe7 gxh4 27. cxd5 Rag8+ 28. Kh1 Ng5 29. Qb3 Rg6 30. e6 Rxe6 31. dxe6 Qc6+ 32. Kh2 h3 1-0

[Event "Tres Cantos op 10th"]
[Site "Tres Cantos"]
[Date "2018.06.21"]
[Round "1.47"]
[White "Iriarte Diez, Enrique"]
[Black "Millan Capella, Rodrigo"]
[Result "1-0"]
[WhiteElo "1833"]
[BlackElo "1096"]
[PlyCount "82"]
[EventDate "2018.06.21"]
[EventType "swiss"]
[EventRounds "9"]
[EventCountry "ESP"]
[SourceTitle "EXT 2024"]
[Source "ChessBase"]
[SourceDate "2023.10.10"]
[SourceVersion "1"]
[SourceVersionDate "2023.10.10"]
[SourceQuality "1"]

1. Nf3 d5 2. g3 Nf6 3. Bg2 Nc6 4. d4 Bf5 5. c3 e6 6. Bf4 Bd6 7. Bxd6 Qxd6 8. Nbd2 0-0 9. 0-0 e5 10. Nh4 Bg4 11. h3 Bd7 12. Nb3 exd4 13. cxd4 Nb4 14. Nc5 Bc6 15. a3 Na6 16. Nxa6 bxa6 17. Qc2 Rae8 18. Rfc1 Bb5 19. e3 c6 20. a4 Bc4 21. b3 Bxb3 22. Qxb3 Ne4 23. Bxe4 Rxe4 24. Ng2 Qh6 25. h4 Qe6 26. Nf4 Qf5 27. Rxc6 Qd7 28. Qxd5 Qxd5 29. Nxd5 Re6 30. Rxe6 fxe6 31. Nc7 Rf6 32. Nxa6 e5 33. Nc5 exd4 34. exd4 Rd6 35. Rd1 h6 36. Kg2 Rf6 37. d5 Rd6 38. Ne4 Ra6 39. d6 Rxa4 40. d7 Rxe4 41. d8Q+ Kf7 1-0

[Event "Madrid San Viator op-A 28th"]
[Site "Madrid"]
[Date "2017.04.23"]
[Round "4"]
[White "Cujba, Anca Claudia"]
[Black "Iriarte Diez, Enrique"]
[Result "1-0"]
[WhiteElo "1760"]
[BlackElo "1592"]
[PlyCount "91"]
[EventDate "2017.03.26"]
[EventType "swiss"]
[EventRounds "9"]
[EventCountry "ESP"]
[SourceTitle "EXT 2018"]
[Source "ChessBase"]
[SourceDate "2017.10.13"]
[SourceVersion "1"]
[SourceVersionDate "2017.10.13"]
[SourceQuality "1"]

1. e4 c6 2. c4 d5 3. exd5 cxd5 4. cxd5 Nf6 5. Bb5+ Bd7 6. Bc4 Qc7 7. d3 b5 8. Bb3 Na6 9. Nf3 Nc5 10. Bc2 Nxd5 11. 0-0 e6 12. Re1 Bd6 13. d4 Nb7 14. Nbd2 Nb4 15. Be4 Bc6 16. Bf5 Be7 17. Bb1 Nd6 18. Ne5 Bb7 19. Nb3 Nc4 20. Bf4 Bd6 21. Qg4 0-0-0 22. a4 g5 23. Bg3 h5 24. Qxg5 h4 25. Nxc4 bxc4 26. Bxd6 Qxd6 27. Qc5+ Qc6 28. Be4 Nd5 29. Qxc6+ Bxc6 30. Na5 Ba8 31. Nxc4 Kd7 32. Ne5+ Ke7 33. Rac1 f5 34. Bxd5 Bxd5 35. Ng6+ Kf6 36. Nxh8 Rg8 37. g3 f4 38. Nf7 Kxf7 39. Rc7+ Kf6 40. Rxa7 hxg3 41. fxg3 fxg3 42. Rf1+ Kg5 43. hxg3 Kg4 44. Rff7 Rh8 45. Rh7 Rf8 46. Rag7+ 1-0